00526nam a2200157Ia 4500001001000000003000500010008004100015010001100056040000900067111008200076245011200158260004200270300000600312650002700318650002300345Para_6620CHAP220125s1948 xx 000 0 und d a205419 cCHAP aConvención Nacional de Productores de Cítricos (2:1948:San Jacinto, D.F.) aMosca prieta de los cítricos (Aleurocanthus woglumi Ash.) /c por SAG. Dirección General de Agricultura aSan Jacinto, D.F. :b La Secretaría av aAleurocanthus woglumi  aCitricos x plagas